00637nam a22001937a 4500999001900000003000400019020001800023082001700041100001800058245008600076260007400162300000900236440002500245546001200270700001900282700001800301942001300319952011100332 c192328d192328OSt a0-89629-107-3 aIFPRI/RR.104 aNerlove, Marc aRole of farm-level diversification in the adoption of modern technology in Brazil aWashington D C:bInternational food policy research institute,cc1996 a53p. aResearch report: 104 aEnglish aVosti, Stephen aBasel, Wesley 2ddccREP 00102ddc4070aKAUCLVbKAUCLVd2019-08-24l0oIFPRI/RR.104p200785r2019-08-24 00:00:00w2019-08-24yREP